| 000 | 00785nam a2200241Ia 4500 | ||
|---|---|---|---|
| 005 | 20211110114501.0 | ||
| 008 | 130821s2004 ck gr spa | ||
| 020 | _a9586392309 | ||
| 020 | _a9789586392303 | ||
| 040 |
_aCo-BoUCM _bspa _cSaul Niño (Modificó) _d[Nuevo] |
||
| 041 | 0 | 0 | _aspa |
| 100 | 1 |
_aAllende, Isabel _d1942- _960555 |
|
| 245 | 1 | 0 |
_aPaula _cIsabel Allende |
| 260 |
_aBogotá (Colombia) _bDebolsillo _bRandom House Mondadori _c2004 |
||
| 300 | _a432 páginas | ||
| 490 | 0 |
_aDebolsillo _v168/6 |
|
| 650 | 0 | 4 |
_aLiteratura chilena _918625 |
| 650 | 0 | 4 |
_aMujeres en la literatura _919920 |
| 650 | 0 | 4 |
_aNovela chilena _920481 |
| 690 | 0 |
_aLiteratura latinoamericana _918700 |
|
| 942 |
_cLIBRO _a18 _e1 _kCH _mA425p _2DEWEY _h863.44 |
||
| 999 |
_c30621 _d30621 |
||